000 00448 a2200145 4500
005 20250620081245.0
020 _a978-0-07-058135-7
082 _a657.8 KUL
100 _aKULKARNI, S.
245 _aSupply Chain Management : Creating Linkage for Faster Business Turnaround
260 _aNew Delhi
_bTata McGraw-Hill Publishing Company Limited
_c2004.
300 _axiv, 357p.: ill.; figures
_bIndex
_c24cm
700 _aAshok Sharma
942 _2ddc
_cBKS
999 _c4475
_d4475